Statistics for League of Ramona's Evil Exes in "Scott Pilgrim" by image

Click here to take the quiz!

General Stats

  • This quiz has been taken 30 times
  • The average score is 5 of 6

Answer Stats

Answer% Correct
Matthew Patel
100%
Gideon Graves
95%
Lucas Lee
91%
Todd Ingram
91%
Kyle & Ken Katayanagi
82%
Roxie Richter
77%

Score Distribution

Percentile by Number Answered

Percent of People with Each Score

Your Score History

You have not taken this quiz